00953 2200313 4500001002100000005001500021035002000036007000300056008004100059020002200100040002200122082001400144084001600158090002200174100002900196245009700225250003500322300003100357650002100388700003300409850001200442504003300454264003400487336002100521337003000542338002300572999002200595990002200617INLIS00000000089729220250623091705 a0010-0625000663ta250619s2017 yoia g | ind|d a978-602-5610-01-1 aYOPDYOGbinderda04223a201.5 a201.5 NAW m aCB-D.11 2017-35040 aNawari IsmailePengarang1 aMenakar peran lembaga kerukunan umat beragama /cNawari Ismail; penyunting, Alviana Cahyanti aCetakan Pertama: November 2017 aviii, 142 halaman ;c24 cm 4aAgama, Kerukunan0 aAlviana CahyantiePenyunting aYOPDYOG aBibliografi: halaman 125-12731aBantul :bSamudra Biru,c2017 2rdacontentateks 2rdamediaatanpa perantara 2rdacarrieravolume aCB-D.11/2017-3504 aCB-D.11/2017-3504